Online
Catalog

Aspectos geológicos del origen de la vida sobre la tierra / (Record no. 24541)

MARC details
000 -CABECERA
campo de control de longitud fija 00938nam a2200241 a 4500
001 - NÚMERO DE CONTROL
campo de control 000025048
005 - FECHA Y HORA DE LA ÚLTIMA TRANSACCIÓN
campo de control 20200930023530.0
008 - DATOS DE LONGITUD FIJA--INFORMACIÓN GENERAL
campo de control de longitud fija 110209s1968 sp ad r 001 0 spa d
040 ## - FUENTE DE LA CATALOGACIÓN
Centro catalogador/agencia de origen DO-SdBNP
Lengua de catalogación spa
Centro/agencia transcriptor BNPHU
082 ## - NÚMERO DE LA CLASIFICACIÓN DECIMAL DEWEY
Número de clasificación xxxxx
Número de documento/Ítem R982a
049 ## - FONDOS LOCALES (OCLC)
Fondos de biblioteca BNGR
100 1# - ENTRADA PRINCIPAL--NOMBRE DE PERSONA
Nombre de persona Rutten, M. G.
9 (RLIN) 51389
245 10 - MENCIÓN DE TÍTULO
Título Aspectos geológicos del origen de la vida sobre la tierra /
Mención de responsabilidad, etc. M. G. Rutten ; traducción Cecilio Sánchez Gil ; supervisión José María Ríos.
260 ## - PUBLICACIÓN, DISTRIBUCIÓN, ETC.
Lugar de publicación, distribución, etc. Madrid :
Nombre del editor, distribuidor, etc. Alhambra,
Fecha de publicación, distribución, etc. 1968.
300 ## - DESCRIPCIÓN FÍSICA
Extensión viii, 165 p. :
Otras características físicas il., mapas., retrs. ;
Dimensiones 20 cm.
490 1# - MENCIÓN DE SERIE
Mención de serie Exedra, sección IX geología ;
Designación de volumen o secuencia 1
500 ## - NOTA GENERAL
Nota general Incluye índice de temas.
500 ## - NOTA GENERAL
Nota general Incluye notas al pie de las páginas.
534 ## - NOTA SOBRE LA VERSIÓN ORIGINAL
Encabezamiento principal del original Título original:
Mención de título del original The geological aspects of the origin of life on earth.
700 1# - PUNTO DE ACCESO ADICIONAL--NOMBRE DE PERSONA
Nombre de persona Sánchez Gil, Cecilio,
Término indicativo de función/relación tr.
9 (RLIN) 51390
700 1# - PUNTO DE ACCESO ADICIONAL--NOMBRE DE PERSONA
Nombre de persona Ríos, José María
9 (RLIN) 51391
830 #0 - PUNTO DE ACCESO ADICIONAL DE SERIE-TÍTULO UNIFORME
Título uniforme Exedra, sección IX geología ;
Número de parte o sección de la obra 1
9 (RLIN) 51392
Holdings
Estado de retiro Estado de pérdida Restricciones de uso No para préstamo Código de colección Localización permanente Ubicación/localización actual Ubicación en estantería Fecha de adquisición Número de inventario Total de préstamos Signatura topográfica completa Código de barras Fecha visto por última vez Precio válido a partir de Tipo de ítem Koha
        Monografías: Libros y Folletos General General En catalogación 09.02.2011 LF1   xxxxx R982a 25048-10 25.06.2020 25.06.2020 Préstamo en sala

Powered by Koha